Symphonie nº 1 B dur, op. 38 / (Record no. 11266)

MARC details
000 -LEADER
campo de control de longitud fija 00841ncm a22002415a 4500
001 - NÚMERO DE CONTROL
campo de control C00011474c
005 - FECHA Y HORA DE LA ÚLTIMA TRANSACCIÓN
campo de control 20241029143126.0
008 - DATOS DE LONGITUD FIJA--INFORMACIÓN GENERAL
campo de control de longitud fija 950810s1891 ddrsyb n 1 ger d
080 ## - NÚMERO DE LA CLASIFICACIÓN DECIMAL UNIVERSAL
Número de la Clasificación Decimal Universal 785.1.082.1
100 1# - ENTRADA PRINCIPAL--NOMBRE DE PERSONA
Nombre de persona Schumann, Robert (
Fechas asociadas al nombre 1810-1856)
9 (RLIN) 8457
245 10 - MENCIÓN DEL TÍTULO
Título Symphonie nº 1 B dur, op. 38 /
Mención de responsabilidad, etc. von Robert Schumann.
254 ## - MENCIÓN DE PRESENTACIÓN MUSICAL
Mención de presentación musical [Kleine Partitur].
260 ## - PUBLICACIÓN, DISTRIBUCIÓN, ETC.
Lugar de publicación, distribución, etc. Leipzig :
Nombre del editor, distribuidor, etc. Ernst Eulenburg,
Fecha de publicación, distribución, etc. [d. 1891]
300 ## - DESCRIPCIÓN FÍSICA
Extensión Partitura (184 p.) ;
Dimensiones 19 cm.
490 0# - MENCIÓN DE SERIE
Mención de serie Eulenburg's kleine Orchester Partitur Ausgabe. Symphonien ;
Designación de volumen o secuencia 17
500 ## - NOTA GENERAL
Nota general N. pl. : E.E. 3617.
500 ## - NOTA GENERAL
Nota general Fecha de publicación tomada de "The new Grove dictionary of music and musicians", vol. 6, Stanley Sadie 1980.
500 ## - NOTA GENERAL
Nota general Legado Pérez Casas.
650 ## - PUNTO DE ACCESO ADICIONAL DE MATERIA--TÉRMINO DE MATERIA
Término de materia o nombre geográfico como elemento de entrada Sinfonías.
9 (RLIN) 14405
852 4# - LOCALIZACIÓN
Número de control de estantería M-2387; M-2388
Holdings
Estatus retirado Estado de pérdida Estado de daño No para préstamo Colección Biblioteca de origen Biblioteca actual Ubicación en estantería Fecha de adquisición Fuente de adquisición Total de préstamos Signatura topográfica completa Código de barras Visto por última vez Precio de reemplazo Tipo de ítem Koha
        Música Real Academia de la Bellas Artes de San Fernando Real Academia de la Bellas Artes de San Fernando Depósito 1 05/11/2007 D   M-2388 1060751 15/10/2024 15/10/2024 Partitura antigua
        Música Real Academia de la Bellas Artes de San Fernando Real Academia de la Bellas Artes de San Fernando Depósito 1 11/08/1995 D   M-2387 1012464 15/10/2024 15/10/2024 Partitura antigua

Powered by Koha